Zmena vlastníctva bytu, rodinného a bytového domu najmä z daňového aspektu
Problematika zmeny vlastníctva bytov, bytových a rodinných domov najmä z daňového aspektu. Právna úprava vlastníctva podľa Občianskeho zákonníka. Vymedzenie pojmov. Daň z dedičstva. Daň z darovania. Daň z prevodu a prechodu nehnuteľností. Daň zo stavieb. Daň z bytov.
Uložené v:
| Hlavný autor: | |
|---|---|
| Ďalší autori: | , |
| Médium: | Kapitola |
| Jazyk: | Slovak |
| Predmet: | |
| Tagy: |
Žiadne tagy, Buďte prvý, kto otaguje tento záznam!
|
MARC
| LEADER | 00000naa a2200000 4500 | ||
|---|---|---|---|
| 001 | r046552 | ||
| 005 | 20231003085614.7 | ||
| 041 | 0 | |a slo | |
| 044 | |a SK | ||
| 245 | 1 | 0 | |a Zmena vlastníctva bytu, rodinného a bytového domu najmä z daňového aspektu |c Adela Gašparovičová, Jana Turóciová, Valéria Jarinkovičová |
| 520 | |a Problematika zmeny vlastníctva bytov, bytových a rodinných domov najmä z daňového aspektu. Právna úprava vlastníctva podľa Občianskeho zákonníka. Vymedzenie pojmov. Daň z dedičstva. Daň z darovania. Daň z prevodu a prechodu nehnuteľností. Daň zo stavieb. Daň z bytov. | ||
| 610 | 2 | 0 | |a vlastníctvo súkromné |
| 610 | 2 | 0 | |a úpravy právne |
| 610 | 2 | 0 | |a byty |
| 610 | 2 | 0 | |a zákonník občiansky |
| 610 | 2 | 0 | |a predaj |
| 610 | 2 | 0 | |a dane z príjmov |
| 610 | 2 | 0 | |a oslobodenie od daní |
| 610 | 2 | 0 | |a dane z dedičstva |
| 610 | 2 | 0 | |a dane z darovania |
| 610 | 2 | 0 | |a dane z prevodu a prechodu nehnuteľností |
| 610 | 2 | 0 | |a prevod majetku |
| 100 | 1 | |a Gašparovičová, Adela | |
| 700 | 1 | |a Turóciová, Jana | |
| 700 | 1 | |a Jarinkovičová, Valéria | |